Mathématicien·nes de A à Z - Statistiques

Statistiques générales
  • Ce quiz a été pris 64 fois
  • Le résultat moyen est 9 sur 20
Statistiques - réponses
Par images Hint Réponse % Correct
P Pythagore
94%
D René Descartes
90%
N Isaac Newton
88%
E Leonhard Euler
73%
V Cédric Villani
71%
G Carl Friedrich Gauss
69%
H David Hilbert
54%
R Srinivasa Ramanujan
54%
F Pierre de Fermat
50%
T Terence Tao
50%
J Camille Jordan
35%
B Jakob Bernoulli
33%
W Andrew Wiles
29%
L Ada Lovelace
27%
C John Conway
27%
A Muḥammad ibn Mūsā al-Khwārizmī
27%
M Maryam Mirzakhani
23%
S Wacław Sierpiński
19%
Z Ernst Zermelo
15%
K Donald Knuth
6%
Aucun quiz correspondant
Distribution des résultats
% des personnes avec chaque résultat
Percentile par nombre de réponses
Votre historique - résultats
Vous n’avez pas pris ce quiz